Statistiques concernant Paroles : Plus rien ne m'étonne - Tiken Jah Fakoly

Cliquez ici pour prendre le quiz!

Statistiques générales

  • Ce quiz a été pris 16 fois
  • Le résultat moyen est 98 sur 199

Statistiques - réponses

Paroles% Correct
plus
100%
me
92%
rien
92%
la
83%
le
83%
m'étonne
83%
ne
83%
à
75%
Ils
75%
tu
75%
ont
67%
Si
67%
de
58%
je
58%
monde
58%
partagé
58%
te
58%
nous
50%
ton
50%
Une
50%
donnes
42%
laisse
42%
les
42%
Moi
42%
Pakistan
42%
pas
42%
que
42%
Bangui
33%
dans
33%
fais
33%
Haïti
33%
or
33%
pour
33%
sans
33%
Sans
33%
Tchétchénie
33%
tes
33%
Africa
25%
bombarder
25%
consulter
25%
dehors
25%
demander
25%
Général
25%
gisements
25%
Kurdistan
25%
l'Afghanistan
25%
laisses
25%
l'aluminium
25%
l'Arménie
25%
l'Irak
25%
l'uranium
25%
m'aides
25%
quittes
25%
se
25%
Se
25%
t'arrange
25%
t'embarque
25%
aviser
17%
beaucoup
17%
blé
17%
chasser
17%
chez
17%
côtés
17%
désunis
17%
extraire
17%
Ghana
17%
guerre
17%
l'empire
17%
Mandingue
17%
mettre
17%
Mossi
17%
Mossis
17%
partie
17%
s'étonnent
17%
Soussou
17%
soyons
17%
t'aide
17%
Talibans
17%
trouva
17%
Wolofs
17%

Distribution des résultats

Percentile par nombre de réponses

% des personnes avec chaque résultat

Votre développement - résultats

Vous n’avez pas pris ce quiz